Rejestracje woj. warmińsko-mazurskiego - Statystyki

Ogólne statystyki
  • Ten quiz został rozwiązany 258 razy
  • Średni wynik to 10 z 15
Statystyki odpowiedzi
REJESTRACJA POWIAT % Poprawnych
NO Olsztyn
94%
NE Elbląg
87%
NIL iławski
76%
NBA bartoszycki
73%
NGI giżycki
72%
NEB elbląski
71%
NKE kętrzyński
70%
NOS ostródzki
70%
NMR mrągowski
69%
NNI nidzicki
67%
NEL ełcki
66%
NPI piski
59%
NGO gołdapski
53%
NSZ szczycieński
47%
NOE olecki
45%
Nie znaleziono quizów pasujących do podanych kryteriów
Rozkład punktacji
Procent ludzi z każdym wynikiem
Percentyl według liczby udzielonych odpowiedzi
Twoja historia wyników
Nie rozwiązałeś tego quizu